Statistiken für Deutsche Geschichte - Dezember

Klicken Sie hier um das Quiz zu spielen!

Allgemein

  • Dieses Quiz wurde 42 mal gespielt
  • Das Durchschnittsergebnis liegt bei 17 aus 31

Antwortstatistiken

TagJahrFrageAntwort% Korrekt
21848Mit der Abdankung Ferdinands I. beginnt die 68-jährige Herrschaft dieses österreichischen KaisersFFranz Joseph I.
91%
141918Dieser König von Finnland (zugleich Landgraf von Hessen-Kassel) dankt abFFredrik Kaarle
91%
25800Papst Leo III. krönt diesen fränkischen König zum ersten römischen Kaiser seit der Absetzung von Romulus Augustulus durch den ostgotischen König OdoakerK{Karl} der Große
91%
81813Dieser deutsche Komponist dirigiert, trotz seines Gehörleidens, die Uraufführung seiner siebten SinfonieBLudwig van Beethoven
91%
151957Diese deutsche Stadt wird MillionenstadtMMünchen
91%
271848In dieser Kirche verabschiedet die Frankfurter Nationalversammlung das "Reichsgesetz betreffend die Grundrechte des deutschen Volkes" das Kernstück der Frankfurter Reichsverfassung wirdP{Pauls}kirche
88%
221971Angehörige dieser terroristischen Vereinigung ermorden bei einem Banküberfall den Polizisten Herbert SchonerRRAF
88%
61917In Folge der Oktoberrevolution und mit deutscher Unterstützung erklärt dieser europäische Staat seine Unabhängigkeit von RusslandFFinnland
85%
241914An der Westfront legen an vielen Frontabschnitten deutsche und britische Soldaten spontan ihre Waffen nieder und spielen an Weihnachten diesen SportFFußball
85%
291991In Deutschland werden sämtliche erhaltenen und wiederhergestellten Unterlagen dieser ostdeutschen Behörde öffentlich zugänglich gemachtSStaatssicherheitsdienst
82%
191936
Die Universität Bonn erkennt diesem von den Nationalsozialisten ausgebürgertem Schriftsteller die Ehrendoktorwürde ab
Sie war ihm 1919 verliehen worden und wurde ihm 1946 erneut verliehen
Er schrieb u.a. die Buddenbrooks
MThomas Mann
79%
51757Dieser preußische König schlägt ein zweifach überlegenes österreichisch-württembergisch-bayrisches Heer unter Karl von Lothringen in der Schlacht bei Leuthen
Nach der Schlacht sangen die preußischen Soldaten "Nun danket alle Gott", was als "Choral von Leuthen" in die Geschichte einging
FFriedrich II.
76%
41644In Münster beginnen die Verhandlungen für diesen FriedenW{Westfälischer} Frieden
76%
212007Estland, Lettland, Litauen, Malta, Polen, die Slowakei, Slowenien, Tschechien, und Ungarn sind aufgrund ihres Beitrittes zu diesem Abkommen nun leichter zu erreichenS{Schengen}abkommen
68%
111941Deutschland und Italien erklären diesem Land den KriegVVereinigte Staaten
65%
201806Dieses deutsche Kurfürstentum wird zum KönigreichSKur{sachsen}
62%
31944Nach dem Abzug deutscher Truppen aus Griechenland beginnt diese Schlacht zwischen Partisanen- und RegierungstruppenASchlacht um {Athen}
62%
121979Die NATO trifft diesen Beschluss zur Aufstellung neuer Atomraketen bei einem gleichzeitigen Angebot zu Verhandlungen über RüstungskontrolleN{NATO-Doppel}beschluss
47%
182003Dieser ehemalige Staatsratvorsitzende der DDR wird nach vier Jahren aus der Haft entlassenKEgon Krenz
41%
281797Nach dem Aussterben der Linie dieses askanisch-anhaltischen Fürstentums wird es auf Anhalt-Bernburg, Anhalt-Dessau und Anhalt-Köthen aufgeteiltZAnhalt-{Zerbst}
38%
71849Diese schwäbischen Fürstentümer geben ihre Unabhängigkeit auf und werden Teil PreußensH|SHohenzollern-{Hechingen} | Hohenzollern-{Sigmaringen}
38%
171938Dieser deutsche Chemiker und sein Assistent Fritz Straßmann finden Barium in einer mit Neutronen beschossenen Uranprobe und weisen damit erstmals die ihnen noch unerklärliche Kernspaltung nachHOtto Hahn
38%
161938Die Nationalsozialisten führen diesen Verdienstorden als Anreiz für die Gründung kinderreicher Familien einMMutterkreuz
32%
261905Dieser preußische General entwickelt eine nach ihm benannte Strategie für den Fall eines ZweifrontenkriegsSAlfred von Schlieffen
24%
101871
Dieser Paragraph (§ 130a im StGB) verbietet Geistlichen und anderen Religionsdienern die Stellungsnahme zu politischen Themen im Rahmen einer Predigt
Er galt bis 1953 in der BRD und bis 1968 in der DDR
K{Kanzel}paragraph
24%
131856Der Streit zwischen Preußen und der Schweiz um dieses schweizerische Kanton und Fürstentum eskaliert und führt nahezu zum KriegsausbruchNFürstentum {Neuenburg}
21%
231728
Im Berliner Vertrag erkennt Karl VI. preußische Ansprüche auf dieses rheinische Herzogtum an
Friedrich Wilhelm I. erkennt im Gegenzug die Pragmatische Sanktion an
Der wiederholte Vertragsbruch Österreichs gibt Preußen das Recht Erbansprüche auf (Teile) Schlesiens wahrzunehmen und dient als Begründung für den Ersten Schlesischen Krieg
BHerzogtum {Berg}
12%
11453Kaiser Friedrich III. erklärt den Preußischen Bund für rechtswidrig, das führt zwei Monate später zu diesem Krieg der 1466 mit dem Frieden von Thorn endet und zu dem Verlust der Oberhoheit über Preußen und der Herrschaft über Westpreußen vom Deutschen Orden an Polen führtD{Dreizehnjähriger} Krieg
9%
91946Beim ersten der zwölf Nürnberger Nachfolgeprozesse (Nürnberger Ärzteprozess) ist dieser Arzt und General der Waffen-SS HauptangeklagterBKarl Brandt
6%
301812In der Konvention von Tauroggen schließt dieser preußische General einen Waffenstillstand mit Russland, welcher zum Aufruf Friedrich Wilhelms III. "An mein Volk" (Brandenburger, Preußen, Schlesier, Pommern, Litthauer) und den Befreiungskriegen führtWLudwig Yorck von Wartenburg
6%
311519Mit dem Angriff auf die ermländische Stadt Braunsberg durch den Deutschen Orden beginnt dieser Krieg der mit einem vierjährigen Waffenstillstand (1521-1525) und der Säkularisation des Deutschordensstaates in Preußen endetR{Reiter}krieg
6%

Verteilung der Resultate

Perzentil nach korrekt beantworteten Fragen

Anzahl Personen mit jedem Resultat

Ihre Resultats-Entwicklung

Sie haben dieses Quiz noch nicht gespielt